Lil Yachty Charting Songs (Billboard Hot 100) - Statistics

General Stats
  • This quiz has been taken 130 times
    40 since last reset
  • The average score is 7 of 25
Answer Stats
Album Weeks On Peak Artist(s) Song % Correct
Light of Mine 30 Weeks #4 Kyle ft. Lil Yachty iSpy
82%
Big Baby D.R.A.M. 37 Weeks #5 D.R.A.M. ft. Lil Yachty Broccoli
76%
For All the Dogs 2 Weeks #29 Drake ft. Lil Yachty Another Late Night
48%
Lil Boat 3 6 Weeks #55 Lil Yachty, Drake & DaBaby Oprah's Bank Account
36%
Nuthin' 2 Prove 1 Week #91 Lil Yachty ft. Juice WRLD Yacht Club
36%
15 3 Weeks #79 Bhad Bhabie ft. Lil Yachty Gucci Flip Flops
33%
Non-Album Single 2 Weeks #68 Lil Yachty & ian Hate Me
33%
Lil Boat 2 4 Weeks #63 Lil Yachty ft. YoungBoy Never Broke Again NBAYoungboat
30%
Non-Album Single 3 Weeks #40 Lil Yachty Poland
30%
Donda 3 Weeks #12 Kanye West ft. Fivio Foreign, Lil Yachty & Rooga Ok Ok
27%
Lil Boat 2 1 Week #73 Lil Yachty ft. Trippie Redd 66
24%
Teenage Emotions 4 Weeks #78 Lil Yachty ft. Migos Peek a Boo
24%
Lil Boat 3 1 Week #83 Lil Yachty & Tierra Whack ft. A$AP Rocky & Tyler, The Creator T.D
24%
Nuthin' 2 Prove 1 Week #98 Lil Yachty ft. Playboi Carti Get Dripped
21%
Michigan Boy Boat 1 Week #67 Lil Yachty ft. Kodak Black Hit Bout It
21%
Let's Start Here 1 Week #80 Lil Yachty the BLACK seminole.
21%
Non-Album Single 1 Week #92 Lil Yachty & J. Cole The Secret Recipe
21%
Non-Album Single 1 Week #87 Lil Yachty A Cold Sunday
18%
Lil Boat 20 Weeks #49 Lil Yachty 1Night
15%
Lil Boat 2 1 Week #88 Lil Yachty ft. Ugly God BOOM!
15%
Control the Streets, Vol. 1 6 Weeks #74 Quavo & Lil Yachty Ice Tray
15%
Non-Album Single 1 Week #99 Lil Yachty & Veeze Sorry Not Sorry
15%
Last Lap 1 Week #50 Rod Wave ft. Lil Yachty & Lil Baby Fuck Fame
12%
Non-Album Single 4 Weeks #71 Lil Yachty Strike (Holster)
12%
Funk Wav Bounces Vol. 1 4 Weeks #94 Calvin Harris ft. Kehlani & Lil Yachty Faking It
9%
No matching quizzes found
Score Distribution
Percent of People with Each Score
Percentile by Number Answered
Your Score History
You have not taken this quiz since the last reset